With Four Prime Ministers: (Record no. 194991)

MARC details
000 -LEADER
fixed length control field 00605nam a22001817a 4500
005 - DATE AND TIME OF LATEST TRANSACTION
control field 20231206102645.0
010 ## - LCCN (DPL NO)
LC control number ENG-136132-39
020 ## - INTERNATIONAL STANDARD BOOK NUMBER
International Standard Book Number 9788194201830
Terms of availability 695.00
035 ## - SYSTEM CONTROL NUMBER
System control number EN-119664-71
037 ## - SOURCE OF ACQUISITION
Source of stock number/acquisition DBAD/PUB
082 ## - DEWEY DECIMAL CLASSIFICATION NUMBER
Classification number 320.508
100 ## - MAIN ENTRY--PERSONAL NAME
Personal name Singh,Jarnail
245 ## - TITLE STATEMENT
Title With Four Prime Ministers:
Remainder of title My PMO Journey/
Statement of responsibility, etc By Jarnail Singh
260 ## - PUBLICATION, DISTRIBUTION, ETC. (IMPRINT)
Place of publication, distribution, etc New Delhi
Name of publisher, distributor, etc Konark Publishers Pvt Ltd
Date of publication, distribution, etc 2020
270 ## - ADDRESS
Address 206, First Floor, Peacock Lane, Shahpur Jat
City New Delhi
Postal code 110049
Electronic mail address india@konarkpublishers.com
300 ## - PHYSICAL DESCRIPTION
Extent 288p.
Dimensions 24cm(hbk)
942 ## - ADDED ENTRY ELEMENTS (KOHA)
Source of classification or shelving scheme Dewey Decimal Classification
Item type English Books
Classification part 320.508
Call number suffix JAR
Holdings
Withdrawn status Lost status Not for loan Collection code Home library Current library Date acquired Source of acquisition Cost, normal purchase price Full call number Barcode Copy number Cost, replacement price Koha item type
      Non-fiction Ashok Vihar Ashok Vihar 07/02/2023 DBAD/PUB 695.00 320.508 JAR EN-119669 1 695.00 English Books
      Non-fiction Bawana Bawana 07/02/2023 DBAD/PUB 695.00 320.508 JAR EN-119665 1 695.00 English Books
      Non-fiction Central Jail Tihar Central Jail Tihar 07/02/2023 DBAD/PUB 695.00 320.508 JAR EN-119664 1 695.00 English Books
        Diz Area Diz Area 07/02/2023 DBAD/PUB 695.00 320.508 JAR EN-119670 1 695.00 English Books
      Non-fiction Katevara Katevara 07/02/2023 DBAD/PUB 695.00 320.508 JAR EN-119671 1 695.00 English Books
      Non-fiction Sarojini Nagar Sarojini Nagar 07/02/2023 DBAD/PUB 695.00 320.508 JAR EN-119666 1 695.00 English Books
      Non-fiction Tri Nagar Tri Nagar 07/02/2023 DBAD/PUB 695.00 320.508 JAR EN-119668 1 695.00 English Books
      Non-fiction Vinoba Puri Vinoba Puri 07/02/2023 DBAD/PUB 695.00 320.508 JAR EN-119667 1 695.00 English Books

© Delhi Public Library
Hit Counter
free hit counter